000 00191nmm a2200085Ia 4500
008 220120s9999||||xx |||||||||||||||||und||
100 _aDigit
245 0 _aUbuntu 13.10
260 _aNine dot Nine
999 _c139944
_d139944